Normal view
MARC view
Entry Personal Name
001 - CONTROL NUMBER
- control field: 49137
003 - CONTROL NUMBER IDENTIFIER
- control field: ARRUPE
005 - DATE AND TIME OF LATEST TRANSACTION
- control field: 20200129105200.0
008 - FIXED-LENGTH DATA ELEMENTS
- fixed length control field: 200129|| aca||aabn | a|a d
040 ## - CATALOGING SOURCE
- Original cataloging agency: ARRUPE
- Transcribing agency: ARRUPE
100 ## - HEADING--PERSONAL NAME
- Personal name: Hibbert, Christopher,
- Dates associated with a name: 1924-2008.
670 ## - SOURCE DATA FOUND
- Source citation: Work cat.: (ARRUPE)0: Hibbert, Christopher, 1924-2008., George IV, Prince of Wales, 1762-1811, [1972]